000 00368nam a2200157Ia 4500
003 Ost
005 20260225132540.0
008 260225s9999||||xx |||||||||||||| ||und||
040 _cfsic
041 _afre
082 _a70.4
100 _aJean claude bertrand
_eAuteur
245 0 _aLes médias aux états unis /
245 0 _cJean claude bertrand
942 _cكتاب
999 _c33475
_d33475